000
00327nam a2200133Ia 4500
008
150301s2015 xx 000 0 und d
082
_a
615.19
_b
P11R
100
_a
K.S. RAO
245
_a
PHARMACEUTICAL INORGANIC CHEMISTRY
260
_b
PLARMA MED PRESS
300
_a
540
650
_a
INORGANIC CHEMISTRY
942
_2
ddc
_c
BK
_0
5
999
_c
7117
_d
7117